[Event "EU-ch U12 30th"]
[Site "Antalya"]
[Date "2022.11.06"]
[Round "1"]
[White "Sava, Robert Gabriel"]
[Black "Murra, Mattia"]
[Result "1-0"]
[WhiteElo "1898"]
[BlackElo "1525"]
[PlyCount "109"]
[EventDate "2022.11.06"]
[EventType "swiss"]
[EventRounds "9"]
[EventCountry "TUR"]
[SourceTitle "EXT 2024"]
[Source "ChessBase"]
[SourceDate "2023.10.10"]
[SourceVersion "1"]
[SourceVersionDate "2023.10.10"]
[SourceQuality "1"]

1. d4 d5 2. c4 e6 3. g3 c5 4. Bg2 Nf6 5. Nf3 Be7 6. 0-0 0-0 7. cxd5 exd5 8. dxc5 Bxc5 9. a3 Be6 10. b4 Be7 11. Bb2 Nbd7 12. Nd4 Nb6 13. Nd2 Qd7 14. Nxe6 fxe6 15. Nf3 Nc4 16. Ne5 Nxe5 17. Bxe5 Bd6 18. Bxd6 Qxd6 19. e4 Rad8 20. exd5 exd5 21. Qd4 b6 22. Rfd1 Rd7 23. Rac1 Re8 24. a4 Qe5 25. b5 Qxd4 26. Rxd4 Kf7 27. Kf1 Re5 28. Rcd1 Rh5 29. h4 Re5 30. R1d3 Rde7 31. Bxd5+ Nxd5 32. Rxd5 Rxd5 33. Rxd5 Ke8 34. Rd4 Kf7 35. g4 Ke8 36. Kg2 Kf7 37. Kf3 Rc7 38. Kg3 Ke6 39. f3 h6 40. h5 Ke5 41. Re4+ Kf6 42. f4 Rc3+ 43. Kh4 Rc1 44. Rd4 Rh1+ 45. Kg3 Rg1+ 46. Kf3 Re1 47. Rd6+ Ke7 48. Rg6 Kf7 49. Rc6 Re7 50. g5 hxg5 51. fxg5 Ke8 52. Kf4 Rf7+ 53. Kg4 Rf1 54. Rc7 Rg1+ 55. Kf5 1-0

[Event "Gallipoli Salento op 9th"]
[Site "Gallipoli"]
[Date "2020.09.23"]
[Round "5"]
[White "Murra, Mattia"]
[Black "De Lisa, Carmine"]
[Result "0-1"]
[WhiteElo "1313"]
[BlackElo "1667"]
[PlyCount "114"]
[EventDate "2020.09.19"]
[EventType "swiss"]
[EventRounds "9"]
[EventCountry "ITA"]
[SourceTitle "CBM 198 Extra"]
[Source "ChessBase"]
[SourceDate "2020.11.30"]
[SourceVersion "1"]
[SourceVersionDate "2020.11.30"]
[SourceQuality "1"]

1. e4 d5 2. exd5 Qxd5 3. Nc3 Qa5 4. d4 Bf5 5. Nf3 Nf6 6. Be2 e6 7. 0-0 c6 8. Bd2 Qc7 9. Re1 Bd6 10. h3 Nbd7 11. Be3 0-0 12. Bd3 Bxd3 13. Qxd3 Rfd8 14. Bg5 h6 15. Be3 Rac8 16. Rad1 a6 17. Ne4 Nxe4 18. Qxe4 Nf6 19. Qd3 c5 20. c3 Nd5 21. Bc1 cxd4 22. Nxd4 Rd7 23. Qe2 Qd8 24. Nxe6 fxe6 25. Qxe6+ Kh8 26. Rxd5 Bh2+ 27. Kxh2 Rxd5 28. Be3 Qd6+ 29. Qxd6 Rxd6 30. Bf4 Rd7 31. Kg3 Kh7 32. Kg4 Rc4 33. h4 Rd5 34. Kg3 Kg6 35. Re6+ Kf7 36. Rb6 Rd7 37. Be3 Re4 38. Bd4 h5 39. a3 Re2 40. Kf3 Re1 41. g4 hxg4+ 42. Kxg4 Rc1 43. f3 Rc2 44. Kg3 Rc1 45. Kf4 Rc2 46. h5 Rg2 47. h6 gxh6 48. Rxh6 Rxb2 49. Rh7+ Ke6 50. Rh6+ Kd5 51. Rh5+ Kc4 52. Ke5 Rd5+ 53. Ke6 Rxh5 54. f4 Rbb5 55. Be5 Rbxe5+ 56. fxe5 Kxc3 57. Kd7 Rxe5 0-1

[Event "Gallipoli Salento op 9th"]
[Site "Gallipoli"]
[Date "2020.09.22"]
[Round "4"]
[White "Galante, Benedetto"]
[Black "Murra, Mattia"]
[Result "1-0"]
[WhiteElo "1481"]
[BlackElo "1313"]
[PlyCount "111"]
[EventDate "2020.09.19"]
[EventType "swiss"]
[EventRounds "9"]
[EventCountry "ITA"]
[SourceTitle "CBM 198 Extra"]
[Source "ChessBase"]
[SourceDate "2020.11.30"]
[SourceVersion "1"]
[SourceVersionDate "2020.11.30"]
[SourceQuality "1"]

1. e4 e5 2. d3 Nf6 3. Nd2 d5 4. Ngf3 Nc6 5. g3 Be7 6. Bg2 0-0 7. 0-0 h6 8. Re1 Bg4 9. c3 dxe4 10. dxe4 Qd7 11. Qc2 Qe6 12. Nf1 Bh3 13. Ne3 Bxg2 14. Kxg2 Rfd8 15. Nf5 Bf8 16. Be3 Ng4 17. Rad1 g6 18. N5h4 Nxe3+ 19. Rxe3 Rxd1 20. Qxd1 Qxa2 21. Re2 Rd8 22. Rd2 Rxd2 23. Qxd2 Qe6 24. Ne1 Qd6 25. Qe3 Qc5 26. Qd2 Qd6 27. Qe3 Qf6 28. Qd3 Qg5 29. Qe2 Be7 30. Nhf3 Qf6 31. Nd3 Kg7 32. Qd2 Bd6 33. Qc2 Qe6 34. Nc1 Qc4 35. b3 Qb5 36. Nd3 Qb6 37. c4 Nb4 38. Qc3 Nxd3 39. Qxd3 Qa5 40. Qc2 Qb4 41. Qb2 f6 42. g4 a5 43. Qc2 c5 44. Nd2 b6 45. Qd3 Be7 46. Qd7 Kf7 47. h4 Qc3 48. g5 hxg5 49. hxg5 fxg5 50. Qd5+ Kg7 51. Qd7 Kf8 52. Nf3 Qa1 53. Qe6 Qc3 54. Nxe5 Kg7 55. Qxe7+ Kh6 56. Nf7+ 1-0

[Event "Gallipoli Salento op 9th"]
[Site "Gallipoli"]
[Date "2020.09.21"]
[Round "3"]
[White "Murra, Mattia"]
[Black "Paduano, Gennaro"]
[Result "0-1"]
[WhiteElo "1313"]
[BlackElo "1702"]
[PlyCount "106"]
[EventDate "2020.09.19"]
[EventType "swiss"]
[EventRounds "9"]
[EventCountry "ITA"]
[SourceTitle "CBM 198 Extra"]
[Source "ChessBase"]
[SourceDate "2020.11.30"]
[SourceVersion "1"]
[SourceVersionDate "2020.11.30"]
[SourceQuality "1"]

1. e4 c5 2. c3 Nf6 3. e5 Nd5 4. Bc4 Nb6 5. Bb3 e6 6. d4 cxd4 7. cxd4 d6 8. exd6 Bxd6 9. Nf3 N8d7 10. 0-0 0-0 11. Qd3 Nf6 12. Bc2 Nbd5 13. Bg5 g6 14. Nc3 Nb4 15. Qd2 Nxc2 16. Qxc2 a6 17. Ne4 Be7 18. Bh6 Re8 19. Rfd1 Bd7 20. Nxf6+ Bxf6 21. Ne5 Bg7 22. Bxg7 Kxg7 23. Qe4 f6 24. Ng4 Bc6 25. Qe3 g5 26. Qh3 h5 27. Ne3 Kg6 28. Qg3 Qb8 29. Qxb8 Raxb8 30. Rac1 Rbd8 31. Rc3 Re7 32. Rcd3 Red7 33. h3 b5 34. b4 f5 35. g3 Kf6 36. Nc2 Be4 37. R3d2 Bxc2 38. Rxc2 Rxd4 39. Rxd4 Rxd4 40. Rc6 Rxb4 41. Rxa6 h4 42. Kg2 Ra4 43. Rxa4 bxa4 44. gxh4 gxh4 45. Kf3 a3 46. Ke3 e5 47. f3 Ke6 48. Kd3 Kd5 49. Kc3 e4 50. f4 Kc5 51. Kb3 Kd4 52. Kc2 e3 53. Kd1 Ke4 0-1